| 000 | 00733nam a22002177a 4500 | ||
|---|---|---|---|
| 999 |
_c13529 _d13529 |
||
| 003 | AR-CdUCM | ||
| 008 | 190415b ||||| |||| 00| 0 spa d | ||
| 040 |
_aMUNICIPALIDAD PROVINCIAL DEL CUSCO _cBIBLIOTECA MUNICIPAL DEL CUSCO |
||
| 082 |
_a C / 212 / _bO41 / 1966 |
||
| 100 |
_aOlarte A, Héctor _931984 |
||
| 245 | _aLa voz de la doctrina secreta / | ||
| 260 |
_aCusco : _c1966 |
||
| 300 |
_a132 páginas ; _c16 cm. |
||
| 500 | _aEl texto no cuenta con tapa. | ||
| 505 | _aContenido : Pluralidad de los mundos -- Creencias y filosofías -- La ley del destino -- La armonía universal ... | ||
| 650 |
_aFilosofía _9395 |
||
| 650 |
_aSociedad _953 |
||
| 650 |
_aCusco _9772 |
||
| 942 |
_2ddc _cLIBROS |
||
| 945 |
_arah _d15/04/2019 |
||